书目信息 |
| 题名: |
幽默与诊断
|
|
| 作者: | 卡尔曼 著 ;李平 , 周道斌 译 | |
| 分册: | ||
| 出版信息: | 北京 中国人民大学出版社 2006 |
|
| 页数: | 195页 | |
| 开本: | 23cm | |
| 丛书名: | ||
| 单 册: | ||
| 中图分类: | R44 , B83 | |
| 科图分类: | ||
| 主题词: | 诊断学--关系--幽默(美学) , 诊断学 , 幽默(美学) | |
| 电子资源: | ||
| ISBN: | 7-300-06830-8 | |
| 000 | 01188nam0 2200289 450 | |
| 001 | 1575585110 | |
| 005 | 20150129210003.14 | |
| 010 | @a7-300-06830-8@dCNY22.00 | |
| 100 | @a20060529d2006 em y0chiy50 ea | |
| 101 | 1 | @achi@ceng |
| 102 | @aCN@b110000 | |
| 105 | @aa z 000yy | |
| 200 | 1 | @a幽默与诊断@9you mo yu zhen duan@dA study of story telling humour and learning in medicine@f(英)肯尼思·卡尔曼(Kenneth Calman)著@g李平,周道斌译@zeng |
| 210 | @a北京@c中国人民大学出版社@d2006 | |
| 215 | @a195页@c图@d23cm | |
| 330 | @a本书探讨与故事以及它们如何促进医疗实践的改善有关的一些概念和观念,通过在医学语境下探讨讲故事、学习和幽默之间的关系,来找出它们之间的共同之处。同时还考察了在医疗实践中改变行为和使用故事的一些新方法,并且找出了一些还有待研究的领域。 | |
| 510 | 1 | @aStudy of story telling humour and learning in medicine@zeng |
| 606 | 0 | @a诊断学@x关系@x幽默(美学) |
| 606 | 0 | @a诊断学 |
| 606 | 0 | @a幽默(美学) |
| 690 | @aR44@v5 | |
| 690 | @aB83@v5 | |
| 701 | 0 | @c(英)@a卡尔曼@9ka er man@c(Calman, Kenneth@f1941~)@4著 |
| 702 | 0 | @a李平@9li ping@c(幽默)@4译 |
| 702 | 0 | @a周道斌@9zhou dao bin@c(幽默)@4译 |
| 801 | 0 | @aCN@bTSSF@c20150129 |
| 905 | @aZUCC@dR44@eJY264 | |
| 幽默与诊断=A study of story telling humour and learning in medicine/(英)肯尼思·卡尔曼(Kenneth Calman)著/李平,周道斌译.-北京:中国人民大学出版社,2006 |
| 195页:图;23cm |
| ISBN 7-300-06830-8:CNY22.00 |
| 本书探讨与故事以及它们如何促进医疗实践的改善有关的一些概念和观念,通过在医学语境下探讨讲故事、学习和幽默之间的关系,来找出它们之间的共同之处。同时还考察了在医疗实践中改变行为和使用故事的一些新方法,并且找出了一些还有待研究的领域。 |
| ● |
| 相关链接 |
|
|
|
|
正题名:幽默与诊断
索取号:R44/JY264
 
预约/预借
| 序号 | 登录号 | 条形码 | 馆藏地/架位号 | 状态 | 备注 |
| 1 | 7862682 | 278626827 | 学院路分馆/ [索取号:R44/JY264] | 在馆 |